Rois de France - Mort Subite - Statistiques

Statistiques générales
  • Ce quiz a été pris 946 fois
    224 depuis la dernière actualisation
  • Le résultat moyen est 9 sur 18
Answers on the Grid
Answers color-coded by a green-red scale on the quiz's grid according to % correct below.
Clovis Ier
Charlemagne
Jacques II le Rieur
Thibault le Fort
Henri IV
Louis XV
Louis XVI
Robert III
Henri V
François Ier
Louis IX
Philippe VII
Louis XVII
Jean II Auguste
Charles XI
Louis-Philippe Ier
Albert Ier
Henri II
Louis XIII
Hugues Capet
Dagobert Ier
Charles VII le Victorieux
Bertrand Ier
Charles IX
Clotaire Ier
Childebert III
Pépin le Bref
Louis VI le Gros
Edouard Ier
Guillaume II le Conquérant
 
Statistiques - réponses
Réponse % Correct
Le sans tête Louis XVI
70%
L’ami de De Vinci François Ier
66%
XVe du nom Louis XV
64%
Saint-Louis Louis IX
62%
Le XIIIe Louis XIII
61%
Empereur ! Et roi! Charlemagne
60%
Le seul et l’unique Henri IV
60%
Le seul et l’unique Pépin le Bref
56%
Premier roi des Francs ! Clovis Ier
53%
Les capétiens ! Hugues Capet
52%
Le bon Roi Dagobert Dagobert Ier
50%
Oui ! Henri II
50%
Qui l’eut cru ? Louis VI le Gros
49%
Et oui ! Charles IX
47%
Le premier Louis-Philippe Ier
47%
Bien sûr ! Clotaire Ier
39%
L’unique Charles VII le Victorieux
28%
Pas évident mais oui ! Childebert III
24%
Aucun quiz correspondant
Distribution des résultats
% des personnes avec chaque résultat
Percentile par nombre de réponses
Votre historique - résultats
Vous n’avez pas pris ce quiz depuis la dernière actualisation